Meeresbiologie : eine Einfuhrung in die Probleme und Ergebnisse /

Saved in:
Bibliographic Details
Main Author: Friedrich, Hermann, 1906-
Format: Book
Language:German
Published: Berlin : Borntraeger, 1965.
Subjects:
LEADER 00879nam a22002297a 4500
001 c000104491
003 CARM
005 00000000000000.0
008 981209s1965 gw a b 00100 ger d
019 1 |a 27668841  |z 14292302  |5 LACONCORD2021 
035 |a (OCoLC)1523381  |5 LACONCORD2021 
040 |a VU  |c VU 
100 1 |a Friedrich, Hermann,  |d 1906- 
245 1 0 |a Meeresbiologie :  |b eine Einfuhrung in die Probleme und Ergebnisse /  |c von Hermann Friedrich. 
260 |a Berlin :  |b Borntraeger,  |c 1965. 
300 |a vii, 436 p. :  |b ill. ;  |c 25 cm. 
504 |a Includes bibliography and index. 
650 0 |a Marine biology. 
650 0 |a Marine ecology. 
852 8 |b CARM  |h A2:AI25D0  |i C04224  |p 0143688  |f BK 
999 f f |i e2b18371-1bbb-5ace-8f14-27e8f026743c  |s 7cce89cf-0ade-5fab-ae6f-06dc95c1b8d9 
952 f f |p Can circulate  |a CAVAL  |b CAVAL  |c CAVAL  |d CARM 1 Store  |e C04224  |f A2:AI25D0  |h Other scheme  |i book  |m 0143688